Vista normal
Vista MARC
Entrada Personal Name
Número de registros utilizados en: 1
001 - CONTROL NUMBER
- control field: 13953
003 - CONTROL NUMBER IDENTIFIER
- control field: OSt
005 - DATE AND TIME OF LATEST TRANSACTION
- control field: 20210225151012.0
008 - FIXED-LENGTH DATA ELEMENTS
- fixed length control field: 210225|| aca||aabn | a|a d
040 ## - CATALOGING SOURCE
- Original cataloging agency: OSt
- Transcribing agency: OSt
100 ## - HEADING--PERSONAL NAME
- Personal name: Avendaño, Fernando
670 ## - SOURCE DATA FOUND
- Source citation: Work cat.: (OSt): Dumont, René, autor 13951, Sovjos, Koljos o el problemático comunismo / , 1966